| 000 | 00000nam##2200000za#4500 |
| 001 | 9.578581 |
| 003 | CaOODSP |
| 005 | 20230621130351 |
| 007 | cr ||||||||||| |
| 008 | 150406|2015||||xxc|||||o f|0| 0 eng|d |
| 020 | |a978-1-100-23117-4 |
| 040 | |aCaOODSP|beng |
| 043 | |an-cn--- |
| 086 | 1 |aCS81-599/10-2015E-PDF |
| 245 | 00|aCareer decision-making patterns of Canadian youth and associated postsecondary educational outcomes|h[electronic resource] |
| 260 | |aOttawa - Ontario : |bStatistics Canada |cJanuary 2015. |
| 300 | |a11p.|bgraphs |
| 490 | 1 |aEducation indicators in Canada|vNo. 10 |
| 590 | |a15-05|b2015-01-30 |
| 710 | 2 |aStatistics Canada. |
| 775 | 08|tTendances liées au choix de carrière des jeunes Canadiens et les études postsecondaires qui lui sont associées|w(CaOODSP)9.606538 |
| 830 | #0|aEducation indicators in Canada : fact sheet (Statistics Canada)|vNo. 10|w(CaOODSP)9.505651 |
| 856 | 40|ahttp://publications.gc.ca|qPDF|s388 KB|uhttps://publications.gc.ca/collections/collection_2015/statcan/81-599-x/81-599-x2015010-eng.pdf|yNo. 10 |